[Event "Pretoria USSA op"]
[Site "Pretoria"]
[Date "2013.12.05"]
[Round "6"]
[White "Danxa, Themba"]
[Black "Chettiar, Evasan"]
[Result "0-1"]
[WhiteElo "1388"]
[BlackElo "1748"]
[PlyCount "76"]
[EventDate "2013.12.02"]
[EventType "swiss"]
[EventRounds "9"]
[EventCountry "RSA"]
[SourceTitle "CBM 158 Extra"]
[Source "ChessBase"]
[SourceDate "2014.02.28"]
[SourceVersion "1"]
[SourceVersionDate "2014.02.28"]
[SourceQuality "1"]

1. e4 c5 2. Nf3 Nc6 3. Bb5 g6 4. 0-0 Bg7 5. Nc3 Nd4 6. Bc4 d6 7. h3 Nf6 8. d3 0-0 9. a4 e6 10. Bg5 h6 11. Be3 d5 12. exd5 exd5 13. Nxd4 cxd4 14. Bxd4 dxc4 15. dxc4 Be6 16. b3 Qa5 17. Qf3 Nh5 18. Bxg7 Nxg7 19. Ne4 Nf5 20. g4 Nd4 21. Qe3 Qe5 22. f4 Nxc2 23. Qf3 Qd4+ 24. Kh1 Nxa1 25. f5 Bd7 26. Rd1 Qxd1+ 27. Qxd1 Bc6 28. Qxa1 Rfe8 29. Kh2 Bxe4 30. Qc1 Kh7 31. fxg6+ Bxg6 32. h4 Re2+ 33. Kg1 Rae8 34. Qf4 R8e4 35. Qf6 Rxg4+ 36. Kf1 Rgg2 37. b4 Rd2 38. h5 Bd3+ 0-1